La Revolución por decreto: Perú durante el gobierno militar
Збережено в:
| Автор: | |
|---|---|
| Формат: | Текст |
| Опубліковано: |
San José:
FLACSO
|
| Теги: |
Додати тег
Немає тегів, Будьте першим, хто поставить тег для цього запису!
|
MARC
| LEADER | 00000 a a2200000 04500 | ||
|---|---|---|---|
| 001 | 23604 | ||
| 003 | |||
| 040 | |||
| 020 | |a 9977-68-022-1 | ||
| 090 | |a 162400 | ||
| 100 | |a Kruijt, Dirk | ||
| 245 | |a La Revolución por decreto: Perú durante el gobierno militar | ||
| 260 | |a San José: |b FLACSO | ||
| 300 | |a 344 p |b **no definido** | ||
| 999 | |c 14526 |d 14526 | ||



